[Event "Winter TNM"]
[Site "San Francisco"]
[Date "2006.01.31"]
[Round "4"]
[White "Naroditsky, Alan"]
[Black "Wong, Russell"]
[Result "1/2-1/2"]
[WhiteElo "1660"]
[BlackElo "2200"]
[PlyCount "26"]
[EventDate "2006.01.10"]
[EventType "swiss"]
[EventRounds "8"]
[EventCountry "USA"]

1. Nf3 d5 2. b3 c5 3. e4 dxe4 4. Ne5 Qd4 5. Bb2 Qxb2 6. Nc3 Qa3 7. Bb5+ Bd7 8.
Nc4 Qb4 9. Bxd7+ Nxd7 10. a3 Qxc3 11. dxc3 g6 12. Qd5 Bg7 13. O-O Ngf6 {
remainder illegible} 1/2-1/2

[Event "Winter TNM"]
[Site "San Francisco"]
[Date "2006.01.31"]
[Round "4"]
[White "Nochomovitz, Yigal"]
[Black "Dupree, Charles"]
[Result "1-0"]
[WhiteElo "1840"]
[BlackElo "1772"]
[PlyCount "29"]
[EventDate "2006.01.10"]
[EventType "swiss"]
[EventRounds "8"]
[EventCountry "USA"]

1. f4 c5 2. Nf3 Nc6 3. d3 Nf6 4. e4 d6 5. Be2 e6 6. O-O Be7 7. a4 b6 8. Na3 Bb7
9. Qe1 O-O 10. Qg3 Kh8 11. c3 a6 12. Be3 Nd7 13. Qh3 Rg8 14. Ng5 Nf8 15. Nxf7#
1-0

[Event "Winter TNM"]
[Site "San Francisco"]
[Date "2006.01.31"]
[Round "4"]
[White "Petrison, John"]
[Black "Oca, Homer"]
[Result "1-0"]
[WhiteElo "2092"]
[BlackElo "1678"]
[PlyCount "75"]
[EventDate "2006.01.10"]
[EventType "swiss"]
[EventRounds "8"]
[EventCountry "USA"]

1. e4 a6 2. d4 h6 3. Bc4 e6 4. Nc3 d6 5. Nf3 Nc6 6. d5 exd5 7. Nxd5 b5 8. Bb3
Na5 9. Nf4 Nxb3 10. axb3 Bb7 11. O-O Nf6 12. e5 dxe5 13. Nxe5 Bd6 14. Ng4 O-O
15. Be3 Nxg4 16. Qxg4 f5 17. Qh5 Qf6 18. c3 Be5 19. Ng6 Rfe8 20. Nxe5 Qxe5 21.
Bd4 Qe6 22. b4 Qc6 23. f3 Qe6 24. Rae1 Qf7 25. Qh4 Kh7 26. Qf4 g5 27. Qd2 Bd5
28. Re3 Rxe3 29. Bxe3 c6 30. Bd4 a5 31. bxa5 Bc4 32. Ra1 Rd8 33. b4 g4 34. fxg4
fxg4 35. Qf2 Qd5 36. Re1 Rd7 37. Qc2+ Kg8 38. Qg6+ 1-0

[Event "Winter TNM"]
[Site "San Francisco"]
[Date "2006.01.31"]
[Round "4"]
[White "Regan, Jack"]
[Black "Litowsky, Dan"]
[Result "0-1"]
[WhiteElo "1564"]
[BlackElo "1700"]
[PlyCount "42"]
[EventDate "2006.01.10"]
[EventType "swiss"]
[EventRounds "8"]
[EventCountry "USA"]

1. Nf3 c5 2. c4 Nc6 3. Nc3 Nf6 4. g3 d6 5. Bg2 g6 6. O-O Bg7 7. e3 O-O 8. d4
cxd4 9. exd4 Bg4 10. Be3 a6 11. Rc1 Rc8 12. Qd2 Qd7 13. Bh6 Bxf3 14. Bxf3 Nxd4
15. Bg2 Bxh6 16. Qxh6 Rxc4 17. Rfe1 e5 18. Qg5 Kg7 19. Ne2 h6 20. Qd2 Rfc8 21.
Bf1 Nf3+ 0-1

[Event "Winter TNM"]
[Site "San Francisco"]
[Date "2006.01.31"]
[Round "4"]
[White "Robbins, Chuck"]
[Black "Traub, Igor"]
[Result "0-1"]
[WhiteElo "1590"]
[BlackElo "2074"]
[PlyCount "58"]
[EventDate "2006.01.10"]
[EventType "swiss"]
[EventRounds "8"]
[EventCountry "USA"]

1. d4 d5 2. c4 c6 3. Nf3 Nf6 4. Nc3 a6 5. cxd5 cxd5 6. e3 Nc6 7. a3 Bg4 8. Be2
e6 9. b3 Bh5 10. b4 b5 11. Bb2 Bd6 12. Rc1 Rc8 13. Nxb5 axb5 14. Bxb5 Qb6 15.
Qa4 Kd7 16. g4 Bg6 17. O-O Ng8 18. Ne5+ Bxe5 19. dxe5 Nge7 20. Bd4 Qb7 21. Rc5
Ra8 22. Qb3 Rhc8 23. Rfc1 Kd8 24. a4 Rab8 25. Bxc6 Nxc6 26. Rb5 Nxd4 27. Rxc8+
Qxc8 28. Rxb8 Nxb3 29. Rxc8+ Kxc8 0-1

[Event "Winter TNM"]
[Site "San Francisco"]
[Date "2006.01.31"]
[Round "4"]
[White "Russell, Joe"]
[Black "Wilkerson, Max"]
[Result "1/2-1/2"]
[WhiteElo "1567"]
[BlackElo "1900"]
[PlyCount "42"]
[EventDate "2006.01.10"]
[EventType "swiss"]
[EventRounds "8"]
[EventCountry "USA"]

1. e4 c6 2. d4 d5 3. Nc3 dxe4 4. Nxe4 Bf5 5. Ng3 Bg6 6. h4 h6 7. Nf3 Nd7 8. Bd3
Bxd3 9. Qxd3 Ngf6 10. Bd2 Qc7 11. O-O-O e6 12. Ne4 Nxe4 13. Qxe4 Bd6 14. Kb1
Nf6 15. Qe2 O-O-O 16. c4 Rhe8 17. Bc3 Qe7 18. Rhe1 Kb8 19. Ba5 Bc7 20. Bxc7+
Qxc7 21. Qe5 Re7 1/2-1/2

[Event "Winter TNM"]
[Site "San Francisco"]
[Date "2006.01.31"]
[Round "4"]
[White "Sainz, Guadalupe"]
[Black "Hilliard, Michael"]
[Result "1-0"]
[WhiteElo "1694"]
[BlackElo "1465"]
[PlyCount "59"]
[EventDate "2006.01.10"]
[EventType "swiss"]
[EventRounds "8"]
[EventCountry "USA"]

1. d4 d5 2. c4 e6 3. Nc3 Nf6 4. Bg5 Nbd7 5. e3 c6 6. Nf3 Qa5 7. cxd5 cxd5 8.
Bd3 Ne4 9. Qc2 Bb4 10. Rc1 Nxc3 11. bxc3 Bd6 12. O-O O-O 13. Bxh7+ Kh8 14. Bd3
b5 15. Qe2 a6 16. Ne5 g6 17. Ng4 f5 18. Nh6 Qc7 19. h4 Nf6 20. a4 Ne4 21. axb5
axb5 22. Bxb5 Nxc3 23. Qb2 Qa5 24. Bc6 Na4 25. Qc2 Ba6 26. Bxa8 Bxf1 27. Rxf1
Rxa8 28. Nf7+ Kg7 29. Nxd6 Qa6 30. Qc7+ 1-0

[Event "Winter TNM"]
[Site "San Francisco"]
[Date "2006.01.31"]
[Round "4"]
[White "Salvo, Tab"]
[Black "Starr, Albert"]
[Result "1-0"]
[WhiteElo "1740"]
[BlackElo "1496"]
[PlyCount "90"]
[EventDate "2006.01.10"]
[EventType "swiss"]
[EventRounds "8"]
[EventCountry "USA"]

1. Nf3 b5 2. g3 Bb7 3. Bg2 e6 4. O-O Nf6 5. b3 Be7 6. c4 b4 7. Bb2 O-O 8. d3 c5
9. Nbd2 d6 10. e4 Nbd7 11. Re1 a5 12. d4 Re8 13. h3 Bf8 14. e5 dxe5 15. dxe5
Nh5 16. Ne4 Bxe4 17. Rxe4 g6 18. Qe2 Ra7 19. Rd1 Qa8 20. g4 Ng7 21. Re3 Nb6 22.
Red3 Qb8 23. Bc1 Rc8 24. Bg5 h5 25. Qe3 Be7 26. Bxe7 Rxe7 27. Qh6 Ne8 28. Re3
hxg4 29. hxg4 Nd7 30. Ng5 Nf8 31. Rde1 f6 32. exf6 Nxf6 33. Rh3 N8h7 34. Nxe6
Nxg4 35. Qxg6+ Kh8 36. Qxg4 Rg8 37. Qf5 Qe8 38. Kf1 Qg6 39. Qe5+ Rgg7 40. Rg3
Qd3+ 41. Kg1 Qd7 42. Bd5 Nf8 43. Rxg7 Rxg7+ 44. Qxg7+ Qxg7+ 45. Nxg7 Kxg7 1-0

[Event "Winter TNM"]
[Site "San Francisco"]
[Date "2006.01.31"]
[Round "4"]
[White "Samatra, Mario"]
[Black "Thornally, Frank"]
[Result "0-1"]
[WhiteElo "1900"]
[BlackElo "2200"]
[PlyCount "68"]
[EventDate "2006.01.10"]
[EventType "swiss"]
[EventRounds "8"]
[EventCountry "USA"]

1. d4 d5 2. c4 e6 3. Nc3 c5 4. Nf3 Nc6 5. e3 Nf6 6. Be2 Bd6 7. h3 a6 8. b3 cxd4
9. exd4 Bb4 10. Bd2 dxc4 11. bxc4 O-O 12. Qb3 a5 13. O-O Nxd4 14. Nxd4 Qxd4 15.
Rad1 Qh4 16. Bf3 Nd7 17. Be3 Nc5 18. Bxc5 Bxc5 19. Ne4 Qe7 20. Qb5 Bb4 21. Rd3
f5 22. Ng3 e5 23. Bd5+ Kh8 24. Rfd1 e4 25. Rb3 Ra6 26. a3 Bc5 27. Rdb1 a4 28.
R3b2 e3 29. Kf1 exf2 30. Re2 Qc7 31. Rbb2 Rb6 32. Qxa4 Rxb2 33. Rxb2 Qxg3 34.
Qa5 Qd3+ 0-1

[Event "Winter TNM"]
[Site "San Francisco"]
[Date "2006.01.31"]
[Round "4"]
[White "Shankland, Sam"]
[Black "Wang, Drake"]
[Result "0-1"]
[WhiteElo "2012"]
[BlackElo "2181"]
[PlyCount "46"]
[EventDate "2006.01.10"]
[EventType "swiss"]
[EventRounds "8"]
[EventCountry "USA"]

1. e4 c6 2. g3 d5 3. exd5 cxd5 4. Bg2 Nf6 5. d4 Nc6 6. Ne2 Bf5 7. c3 e6 8. Bf4
Qb6 9. Qb3 Qa6 10. a4 Na5 11. Qb5+ Qxb5 12. axb5 Nb3 13. Ra3 Bxa3 14. Nxa3 Bd3
15. Be5 a6 16. bxa6 Bxa6 17. Nf4 Na5 18. f3 Nc4 19. Nxc4 Bxc4 20. Kd2 Ke7 21.
g4 Rhg8 22. b3 Ra2+ 23. Ke3 Ba6 0-1

[Event "Winter TNM"]
[Site "San Francisco"]
[Date "2006.01.31"]
[Round "4"]
[White "Sherwood, Peter"]
[Black "Guarino, Robert"]
[Result "1-0"]
[WhiteElo "1742"]
[BlackElo "1587"]
[PlyCount "85"]
[EventDate "2006.01.10"]
[EventType "swiss"]
[EventRounds "8"]
[EventCountry "USA"]

1. e4 e6 2. d4 d5 3. Nd2 Nf6 4. exd5 exd5 5. Bd3 Bd6 6. Ne2 Be6 7. Nf3 Nbd7 8.
Ng3 c6 9. O-O Qc7 10. Nf5 O-O-O 11. Nxd6+ Qxd6 12. a4 Bg4 13. g3 Ne4 14. Bf4
Qf6 15. Be2 Bh3 16. Re1 g5 17. Be3 h5 18. c4 h4 19. cxd5 hxg3 20. fxg3 Qh6 21.
Qc2 Nxg3 22. dxc6 Nxe2+ 23. Rxe2 Qxc6 24. Qxc6+ bxc6 25. Rc1 Kb7 26. Rec2 Rc8
27. Nxg5 Rhg8 28. Kf2 Bf5 29. Rc3 f6 30. Nf7 Bh3 31. Nd6+ Kb8 32. Rb3+ Kc7 33.
Nxc8 Rxc8 34. Rbc3 Kd8 35. Rxc6 Rb8 36. R1c2 Bf5 37. Rd2 Ke7 38. Rc7 a6 39. d5
Kd6 40. Rc6+ Ke7 41. Rxa6 Be4 42. Re6+ Kf7 43. Rxe4 1-0

[Event "Winter TNM"]
[Site "San Francisco"]
[Date "2006.01.31"]
[Round "4"]
[White "Snyder, Larry"]
[Black "Standen, Julian"]
[Result "1-0"]
[WhiteElo "2062"]
[BlackElo "1669"]
[PlyCount "65"]
[EventDate "2006.01.10"]
[EventType "swiss"]
[EventRounds "8"]
[EventCountry "USA"]

1. e4 c6 2. d4 d5 3. exd5 cxd5 4. c4 Nf6 5. Nc3 e6 6. Nf3 Be7 7. cxd5 Nxd5 8.
Bd3 O-O 9. O-O Nc6 10. Re1 Bd7 11. Nxd5 exd5 12. Qb3 Bc8 13. Bf4 Bf6 14. Be5
Na5 15. Bxf6 Nxb3 16. Bxd8 Nxa1 17. Bg5 Nb3 18. axb3 Be6 19. Rc1 Rfc8 20. Rxc8+
Rxc8 21. Kf1 h6 22. Bd2 Kf8 23. h3 f6 24. Ke2 Kf7 25. Kd1 g5 26. Bb4 g4 27.
hxg4 Bxg4 28. Be2 Rc6 29. Bc5 a6 30. Kd2 Re6 31. Ne5+ fxe5 32. Bxg4 Rf6 33.
dxe5 1-0

[Event "Winter TNM"]
[Site "San Francisco"]
[Date "2006.01.31"]
[Round "4"]
[White "Woebcke, Carl"]
[Black "Capdeville, Barry"]
[Result "1-0"]
[WhiteElo "1670"]
[BlackElo "1213"]
[PlyCount "37"]
[EventDate "2006.01.10"]
[EventType "swiss"]
[EventRounds "8"]
[EventCountry "USA"]

1. e4 e5 2. f4 exf4 3. Nf3 Be7 4. Bc4 Nf6 5. Nc3 d6 6. d4 O-O 7. Bxf4 c6 8. Qd2
b5 9. Bd3 Be6 10. O-O Nbd7 11. Ng5 Bc4 12. Bxc4 bxc4 13. Qe2 Rb8 14. Qxc4 d5
15. exd5 Nxd5 16. Nxf7 Rxf7 17. Bxb8 Rxf1+ 18. Kxf1 Qxb8 19. Nxd5 1-0

[Event "Winter TNM"]
[Site "San Francisco"]
[Date "2006.02.07"]
[Round "5"]
[White "Allen, Tom"]
[Black "Parker, Frank"]
[Result "0-1"]
[WhiteElo "1487"]
[BlackElo "1835"]
[PlyCount "87"]
[EventDate "2006.01.10"]
[EventType "swiss"]
[EventRounds "8"]
[EventCountry "USA"]

1. e4 c6 2. d4 d5 3. e5 Bf5 4. Nc3 e6 5. g4 Bg6 6. h4 h5 7. g5 Bf5 8. Nge2 Ne7
9. Ng3 g6 10. Nce2 Bg4 11. Bg2 Bxe2 12. Qxe2 Bg7 13. Bd2 Na6 14. b4 Qb6 15. c3
Nc7 16. O-O O-O 17. a4 Rfc8 18. Rfb1 Ne8 19. b5 c5 20. a5 Qd8 21. dxc5 Rxc5 22.
Qe1 Qd7 23. Bf1 Bf8 24. Be3 Rcc8 25. Rd1 Qc7 26. Bd4 Ng7 27. Bd3 Qd7 28. Rdb1
Kh8 29. Qe3 Nef5 30. Nxf5 exf5 31. f4 Ne6 32. Bxa7 Nc5 33. Bb6 Nxd3 34. Qxd3
Bc5+ 35. Bxc5 Rxc5 36. Qd4 Rc4 37. Qd2 Rac8 38. Rb3 Qc7 39. Raa3 Qc5+ 40. Kf1
Re4 41. a6 bxa6 42. bxa6 Qc4+ 43. Kf2 Rxf4+ 44. Ke1 0-1

[Event "Winter TNM"]
[Site "San Francisco"]
[Date "2006.02.07"]
[Round "5"]
[White "Braden, Brian"]
[Black "Standen, Julian"]
[Result "0-1"]
[WhiteElo "1160"]
[BlackElo "1669"]
[PlyCount "60"]
[EventDate "2006.01.10"]
[EventType "swiss"]
[EventRounds "8"]
[EventCountry "USA"]

1. e4 c6 2. Nf3 d5 3. Bd3 dxe4 4. Bxe4 Nf6 5. Nc3 Nxe4 6. Nxe4 Bg4 7. h3 Bxf3
8. Qxf3 e6 9. d3 Be7 10. O-O O-O 11. Bf4 Na6 12. Qg4 f5 13. Qe2 fxe4 14. Qxe4
Qd5 15. Qe2 Rxf4 16. c4 Qf5 17. Rae1 Rf8 18. Qxe6+ Qxe6 19. Rxe6 Bc5 20. Re2
Nb4 21. g3 Rf3 22. a3 Nxd3 23. b4 Bxf2+ 24. Kg2 Rxg3+ 25. Kh2 Rgf3 26. Kg2 R3f7
27. Rd2 Ne5 28. Rdxf2 Rxf2+ 29. Rxf2 Rxf2+ 30. Kxf2 Nxc4 0-1

[Event "Winter TNM"]
[Site "San Francisco"]
[Date "2006.02.07"]
[Round "5"]
[White "Capdeville, Barry"]
[Black "Mar, Henry"]
[Result "0-1"]
[WhiteElo "1213"]
[BlackElo "1565"]
[PlyCount "90"]
[EventDate "2006.01.10"]
[EventType "swiss"]
[EventRounds "8"]
[EventCountry "USA"]

1. e4 e6 2. d4 d5 3. e5 c5 4. Nf3 Qc7 5. Bf4 Bd7 6. Nbd2 Nc6 7. Nb3 a6 8. c3 b6
9. Nbd2 cxd4 10. cxd4 Bb4 11. Rc1 Nge7 12. Bd3 O-O 13. O-O Bxd2 14. Qxd2 b5 15.
Rfe1 Qb6 16. Bb1 Nf5 17. Be3 Rac8 18. b4 a5 19. a3 axb4 20. axb4 Qa7 21. Qb2
Qa4 22. Bd2 Qa7 23. Bc3 h6 24. Bd3 Qb7 25. Qe2 Na7 26. Nd2 Rc7 27. Nb3 Rfc8 28.
Nc5 Qb6 29. Rcd1 Nc6 30. Bxf5 exf5 31. e6 Be8 32. exf7+ Bxf7 33. Qf3 Ne7 34.
Qf4 Qf6 35. Bd2 Ng6 36. Qg3 Qh4 37. Qf3 Qf6 38. Qd3 Rb8 39. f4 Ne7 40. Qh3
Qxd4+ 41. Be3 Qxb4 42. Na6 Qd6 43. Nxc7 Qxc7 44. Rc1 Qd7 45. Bc5 Ng6 0-1

[Event "Winter TNM"]
[Site "San Francisco"]
[Date "2006.02.07"]
[Round "5"]
[White "Chan, John"]
[Black "Ladyzhensky, Boris"]
[Result "0-1"]
[WhiteElo "1659"]
[BlackElo "1744"]
[PlyCount "72"]
[EventDate "2006.01.10"]
[EventType "swiss"]
[EventRounds "8"]
[EventCountry "USA"]

1. c4 Nf6 2. d4 g6 3. Nc3 d5 4. c5 Bg7 5. Nf3 O-O 6. Bf4 a6 7. g3 Nc6 8. Bg2
Nh5 9. Be3 f5 10. Ng5 Nf6 11. f4 h6 12. Nf3 Ng4 13. Bg1 Kh7 14. h3 Nf6 15. e3
b5 16. Ne5 Na5 17. b3 Be6 18. Rc1 Rc8 19. Rc2 c6 20. Bf3 Ne4 21. Bxe4 dxe4 22.
g4 Nxb3 23. gxf5 Rxf5 24. Nxe4 Qd5 25. Qf3 Na1 26. Rd2 b4 27. Rhh2 b3 28. axb3
Nxb3 29. Rd1 a5 30. Rg2 Bxe5 31. dxe5 Qc4 32. Qg4 g5 33. Nxg5+ Rxg5 34. fxg5
Bxg4 35. Rxg4 Qc3+ 36. Ke2 Nc1+ 0-1

[Event "Winter TNM"]
[Site "San Francisco"]
[Date "2006.02.07"]
[Round "5"]
[White "D'Aloisio, Tony"]
[Black "Naroditsky, Daniel"]
[Result "1-0"]
[WhiteElo "2222"]
[BlackElo "1880"]
[PlyCount "81"]
[EventDate "2006.01.10"]
[EventType "swiss"]
[EventRounds "8"]
[EventCountry "USA"]

1. c4 Nf6 2. Nc3 g6 3. e4 d6 4. d4 Bg7 5. f3 O-O 6. Be3 Nc6 7. Qd2 e5 8. d5 Nd4
9. Nge2 Nxe2 10. Bxe2 c6 11. O-O cxd5 12. cxd5 Nh5 13. Rfc1 a6 14. Na4 b5 15.
Nb6 Rb8 16. Nxc8 Rxc8 17. Rxc8 Qxc8 18. Rc1 Qb7 19. Rc6 Nf4 20. Rxd6 Rc8 21.
Bf1 f5 22. Rb6 Qd7 23. Rxa6 fxe4 24. fxe4 Qg4 25. Bxf4 exf4 26. Be2 Qh4 27. Rc6
Re8 28. Re6 Rc8 29. Rc6 Re8 30. Re6 Rc8 31. d6 f3 32. d7 Rf8 33. Bxf3 Bh6 34.
Qe2 Bf4 35. g3 Qh3 36. Re8 Bc7 37. Qxb5 Qh6 38. Qc4+ Kg7 39. Qc3+ Kg8 40. Rxf8+
Kxf8 41. Qf6+ 1-0

[Event "Winter TNM"]
[Site "San Francisco"]
[Date "2006.02.07"]
[Round "5"]
[White "Dupree, Charles"]
[Black "Livschitz, Jennifer"]
[Result "1/2-1/2"]
[WhiteElo "1772"]
[BlackElo "1315"]
[PlyCount "73"]
[EventDate "2006.01.10"]
[EventType "swiss"]
[EventRounds "8"]
[EventCountry "USA"]

1. e4 e5 2. f4 d5 3. Nf3 Bg4 4. h3 dxe4 5. hxg4 exf3 6. fxe5 f2+ 7. Kxf2 Qd4+
8. Ke1 Qxe5+ 9. Be2 Bc5 10. Rh3 Nf6 11. c3 Qe4 12. Kf1 Nbd7 13. d4 Bd6 14. Re3
Qxe3 15. Bxe3 O-O 16. Bd3 Rfe8 17. Bd2 Nd5 18. Qf3 c6 19. Qf5 N7f6 20. Bg5 h6
21. Bxf6 Ne3+ 22. Kf2 Nxf5 23. gxf5 gxf6 24. Nd2 Bf4 25. Ne4 Bg5 26. g3 Rad8
27. Rd1 b6 28. Bc2 Rd5 29. g4 c5 30. Bb3 Rdd8 31. Kf3 cxd4 32. cxd4 Re7 33. d5
Rde8 34. Bc2 Re5 35. d6 Rd8 36. Bd3 Rd5 37. Be2 1/2-1/2

[Event "Winter TNM"]
[Site "San Francisco"]
[Date "2006.02.07"]
[Round "5"]
[White "Faulkner, Charles"]
[Black "Petrison, John"]
[Result "1/2-1/2"]
[WhiteElo "1849"]
[BlackElo "2092"]
[PlyCount "78"]
[EventDate "2006.01.10"]
[EventType "swiss"]
[EventRounds "8"]
[EventCountry "USA"]

1. d4 d5 2. Nf3 Nf6 3. Bg5 Nbd7 4. Nbd2 c6 5. e3 Qb6 6. Rb1 e6 7. Bd3 c5 8. c3
Bd6 9. O-O h6 10. Bxf6 Nxf6 11. e4 dxe4 12. Nxe4 Bd7 13. dxc5 Bxc5 14. Nxc5
Qxc5 15. Re1 O-O 16. Ne5 Rad8 17. Qb3 b6 18. Rbd1 Bc6 19. Nxc6 Qxc6 20. Qc4 Rc8
21. Qxc6 Rxc6 22. Bc2 b5 23. Be4 Rc5 24. Rd4 a5 25. Bf3 e5 26. Rd2 b4 27. cxb4
axb4 28. Rde2 Rfc8 29. g3 Rc2 30. a3 b3 31. Kf1 e4 32. Bxe4 Nxe4 33. Rxe4 Rxb2
34. Re8+ Rxe8 35. Rxe8+ Kh7 36. Rb8 Rb1+ 37. Kg2 b2 38. a4 Ra1 39. Rxb2 Rxa4
1/2-1/2

[Event "Winter TNM"]
[Site "San Francisco"]
[Date "2006.02.07"]
[Round "5"]
[White "Gallegos, Paul"]
[Black "Salinas, Chad"]
[Result "1-0"]
[WhiteElo "2200"]
[BlackElo "1958"]
[PlyCount "83"]
[EventDate "2006.01.10"]
[EventType "swiss"]
[EventRounds "8"]
[EventCountry "USA"]

1. e4 e6 2. d4 d5 3. e5 c5 4. c3 Nc6 5. Nf3 Qb6 6. Be2 cxd4 7. cxd4 Nge7 8. b3
Nf5 9. Bb2 Bb4+ 10. Kf1 Be7 11. Nc3 Bd7 12. g4 Nh4 13. Na4 Qd8 14. Nxh4 Bxh4
15. f4 f6 16. Kg2 fxe5 17. fxe5 O-O 18. Rf1 b6 19. Qd3 Qe7 20. Qh3 g5 21. Bd3
Nb4 22. Ba3 Bxa4 23. bxa4 a5 24. Rad1 Rf4 25. Rxf4 gxf4 26. Rf1 Rf8 27. Bb1 Rf7
28. Bc1 Bg5 29. Rf3 Nc6 30. Ba3 Nb4 31. Qh5 Bh4 32. Bc1 Nc6 33. Rxf4 Rxf4 34.
Bxf4 Nxd4 35. g5 Be1 36. g6 hxg6 37. Bxg6 Qg7 38. Bh6 Qc7 39. Qg5 Nc6 40. Bd3+
Kh8 41. Qf6+ Kg8 42. Qf8# 1-0

[Event "Winter TNM"]
[Site "San Francisco"]
[Date "2006.02.07"]
[Round "5"]
[White "Hilliard, Michael"]
[Black "Regan, Jack"]
[Result "0-1"]
[WhiteElo "1465"]
[BlackElo "1564"]
[PlyCount "118"]
[EventDate "2006.01.10"]
[EventType "swiss"]
[EventRounds "8"]
[EventCountry "USA"]

1. d4 Nf6 2. Nf3 d5 3. e3 e6 4. Bd3 c5 5. c3 Nc6 6. Nbd2 a6 7. O-O b5 8. e4
dxe4 9. Nxe4 cxd4 10. Nxf6+ gxf6 11. Be4 Bb7 12. cxd4 Na5 13. Bxb7 Nxb7 14. Be3
Nd6 15. Nd2 Nf5 16. Qf3 Be7 17. g4 Nh4 18. Qc6+ Kf8 19. Bh6+ Kg8 20. Nf3 Nxf3+
21. Qxf3 Bf8 22. Be3 Kg7 23. Kh1 Qd5 24. Qxd5 exd5 25. Rac1 Bd6 26. Rc6 Rhd8
27. f4 a5 28. Rfc1 Kf8 29. Rb6 b4 30. Rcc6 Be7 31. f5 a4 32. Bh6+ Ke8 33. Bg7
Rac8 34. h4 Rxc6 35. Rxc6 Kd7 36. Rc2 Rc8 37. Rxc8 Kxc8 38. Kg2 b3 39. axb3
axb3 40. Bh6 Kc7 41. Bd2 Kc6 42. g5 Kb5 43. Kf2 Kc4 44. Ke2 fxg5 45. hxg5 Kxd4
46. Bc3+ Ke4 47. f6 Bd6 48. Bd2 Bf4 49. Kd1 d4 50. Ke2 d3+ 51. Kd1 Bxd2 52.
Kxd2 Kd4 53. Kc1 Ke3 54. Kd1 Kf4 55. Kd2 Kxg5 56. Kxd3 h5 57. Ke3 Kxf6 58. Kf4
h4 59. Kg4 Ke5 0-1

[Event "Winter TNM"]
[Site "San Francisco"]
[Date "2006.02.07"]
[Round "5"]
[White "Jones, Ian"]
[Black "Naroditsky, Alan"]
[Result "1-0"]
[WhiteElo "1754"]
[BlackElo "1660"]
[PlyCount "69"]
[EventDate "2006.01.10"]
[EventType "swiss"]
[EventRounds "8"]
[EventCountry "USA"]

1. e4 c5 2. Nf3 d6 3. d4 cxd4 4. Nxd4 Nf6 5. Nc3 a6 6. f3 Nc6 7. Be3 e5 8. Nb3
Be6 9. Qd2 b5 10. O-O-O Rc8 11. g4 Qc7 12. g5 Nh5 13. Nd5 Bxd5 14. exd5 Nb4 15.
Kb1 Qxc2+ 16. Qxc2 Nxc2 17. Rc1 Nxe3 18. Rxc8+ Kd7 19. Bh3+ Ke7 20. Na5 f5 21.
gxf6+ Kxf6 22. Be6 Nf4 23. Rhc1 Nxe6 24. dxe6 Kxe6 25. Ra8 Nd5 26. Rcc8 Kf7 27.
Rxa6 Rg8 28. Nb7 Be7 29. Rxg8 Kxg8 30. Nxd6 Nc7 31. Rc6 Bxd6 32. Rxd6 Kf8 33.
Rd7 Ne6 34. Rd5 Nd4 35. Rxe5 1-0

[Event "Winter TNM"]
[Site "San Francisco"]
[Date "2006.02.07"]
[Round "5"]
[White "Litowsky, Dan"]
[Black "Kleiman, Charles"]
[Result "1-0"]
[WhiteElo "1700"]
[BlackElo "1878"]
[PlyCount "37"]
[EventDate "2006.01.10"]
[EventType "swiss"]
[EventRounds "8"]
[EventCountry "USA"]

1. e4 d5 2. exd5 Qxd5 3. Nf3 Nf6 4. c4 Qa5 5. Nc3 Nc6 6. d4 Bg4 7. Be2 e6 8. h3
Bh5 9. O-O Be7 10. Be3 O-O 11. a3 b6 12. b4 Qf5 13. Qa4 Nd8 14. Nh4 b5 15. cxb5
Ne4 16. Nxf5 Nxc3 17. Nxe7+ Kh8 18. Qc2 Nxe2+ 19. Kh2 1-0

[Event "Winter TNM"]
[Site "San Francisco"]
[Date "2006.02.07"]
[Round "5"]
[White "Oca, Homer"]
[Black "Brown, Nicholas"]
[Result "1-0"]
[WhiteElo "1678"]
[BlackElo "1461"]
[PlyCount "117"]
[EventDate "2006.01.10"]
[EventType "swiss"]
[EventRounds "8"]
[EventCountry "USA"]

1. a3 d5 2. h3 e5 3. e3 Nf6 4. d3 Bd6 5. Nd2 O-O 6. Ne2 c5 7. b3 Nc6 8. Bb2 Be6
9. g4 h6 10. Bg2 d4 11. e4 Bc7 12. Ng3 Ba5 13. O-O Bxd2 14. Qxd2 b5 15. f4 Rc8
16. f5 Bd7 17. g5 hxg5 18. Qxg5 Nh7 19. Qh5 Qg5 20. Qf3 Qe3+ 21. Qxe3 dxe3 22.
Rae1 f6 23. Rxe3 Nd4 24. Rf2 a5 25. Rd2 a4 26. bxa4 bxa4 27. c3 Nb3 28. Rd1 Rb8
{NAM} 29. d4 cxd4 30. cxd4 Nxd4 31. Bxd4 exd4 32. Rxd4 Be8 33. e5 fxe5 34. Rxe5
Rb3 35. Rxe8 Rxg3 36. Rxf8+ Kxf8 37. Rxa4 Ng5 38. Kf2 Rc3 39. h4 Rc2+ 40. Kg3
Nf7 41. Bd5 Rc3+ 42. Kf4 Nh6 43. Ra8+ Ke7 44. a4 Kf6 45. a5 Rc5 46. Ke4 Ng4 47.
Kd4 Rc1 48. Be6 Rh1 49. a6 Rxh4 50. Rf8+ Ke7 51. a7 Nf6+ 52. Kd3 Rh3+ 53. Kc4
Rh4+ 54. Kb5 Kxf8 55. a8=Q+ Ke7 56. Qb7+ Kd6 57. Qb8+ Ke7 58. Qc7+ Ke8 59. Qxg7
1-0

[Event "Winter TNM"]
[Site "San Francisco"]
[Date "2006.02.07"]
[Round "5"]
[White "Purcell, Brendan"]
[Black "Snyder, Larry"]
[Result "1-0"]
[WhiteElo "1874"]
[BlackElo "2062"]
[PlyCount "59"]
[EventDate "2006.01.10"]
[EventType "swiss"]
[EventRounds "8"]
[EventCountry "USA"]

1. e4 d5 2. exd5 Qxd5 3. Nc3 Qa5 4. d4 Nf6 5. Nf3 c6 6. Bc4 Bf5 7. Bd2 e6 8.
O-O Nbd7 9. Re1 Qc7 10. Ne5 Nxe5 11. dxe5 Nd5 12. Nxd5 exd5 13. Bb3 Bd3 14.
cxd3 Be7 15. Qg4 g6 16. e6 f6 17. Rac1 O-O 18. h4 f5 19. Qf3 Bd6 20. Bc3 Rae8
21. Qe3 h6 22. Qd4 Qh7 23. Qxa7 f4 24. Qd4 f3 25. g3 Bxg3 26. e7 Rf7 27. Re6
Bxf2+ 28. Kxf2 Rfxe7 29. Rxg6+ Kf8 30. Qf6+ 1-0

[Event "Winter TNM"]
[Site "San Francisco"]
[Date "2006.02.07"]
[Round "5"]
[White "Rudyak, Felix"]
[Black "Grey, Peter"]
[Result "0-1"]
[WhiteElo "1933"]
[BlackElo "2000"]
[PlyCount "88"]
[EventDate "2006.01.10"]
[EventType "swiss"]
[EventRounds "8"]
[EventCountry "USA"]

1. d4 Nf6 2. Bg5 c5 3. Bxf6 gxf6 4. c3 Qb6 5. b3 d5 6. e3 e5 7. dxe5 Be6 8.
exf6 Nd7 9. Ne2 Bd6 10. Nf4 Bxf4 11. exf4 Nxf6 12. Bd3 O-O-O 13. O-O Rhg8 14.
f5 Bd7 15. Qc2 Qd6 16. f4 Bc6 17. Be2 d4 18. Bf3 d3 19. Qf2 Ne4 20. Bxe4 Bxe4
21. g3 Bc6 22. Nd2 Rge8 23. Rfe1 Qd5 24. Kf1 Re2 25. Rxe2 dxe2+ 26. Kxe2 Qxd2+
27. Kf1 Qd3+ 28. Qe2 Qxf5 29. c4 Qd3 30. Qxd3 Rxd3 31. Ke2 Rd4 32. Rf1 Be4 33.
Ke3 Bf5 34. Rg1 h5 35. Re1 Kc7 36. Rb1 Bg4 37. h3 Rd1 38. Rb2 Bf5 39. g4 hxg4
40. h4 g3 41. Rg2 Rd3+ 42. Ke2 Rc3 43. h5 Bg4+ 44. Kd2 Rf3 0-1

[Event "Winter TNM"]
[Site "San Francisco"]
[Date "2006.02.07"]
[Round "5"]
[White "Russell, Joe"]
[Black "Sherwood, Peter"]
[Result "1/2-1/2"]
[WhiteElo "1567"]
[BlackElo "1742"]
[PlyCount "105"]
[EventDate "2006.01.10"]
[EventType "swiss"]
[EventRounds "8"]
[EventCountry "USA"]

1. e4 e6 2. d4 d5 3. exd5 exd5 4. Nf3 Bd6 5. Bd3 Ne7 6. O-O O-O 7. c4 c6 8. Qb3
Qb6 9. Re1 Qxb3 10. axb3 Bg4 11. c5 Nc8 12. cxd6 Nxd6 13. Nbd2 Nd7 14. h3 Bf5
15. Bxf5 Nxf5 16. g4 Nd6 17. Ne5 Rfe8 18. Ndf3 Nf6 19. Nd3 Nfe4 20. Be3 a6 21.
Nc5 f5 22. Nxe4 fxe4 23. Ne5 Rf8 24. Rec1 h5 25. Nxc6 bxc6 26. Rxc6 Nb5 27.
Rcxa6 Rab8 28. gxh5 Rf5 29. h6 Rh5 30. Rg6 Rxh3 31. Rxg7+ Kh8 32. Bf4 Nxd4 33.
Bxb8 Nf3+ 34. Kg2 Rxh6 35. Raa7 d4 36. Bg3 d3 37. Rh7+ Rxh7 38. Rxh7+ Kxh7 39.
Bf4 d2 40. Bxd2 Nxd2 41. b4 Kg6 42. b5 Nc4 43. b3 Nb6 44. Kg3 Kf5 45. b4 Nd5
46. Kg2 Kf4 47. Kf1 Kf3 48. b6 Nxb6 49. b5 Nd5 50. Ke1 Kg2 51. Ke2 Nc3+ 52. Ke3
Nxb5 53. Kxe4 1/2-1/2